000 00379nam a2200169Ia 4500
005 20251020182548.0
008 200515s9999 xx 000 0 und d
082 _a860-31/V19
100 _aVARGAS LLOSA, Mario
245 0 _aLa Ciudad y los Perros
260 _aSantiago de Chile
260 _c1988
300 _a296
650 _aLIB
650 _aLITERATURA
942 _cLIB
999 _c2633
_d2633